000 00431nam a2200169 a 4500
001 0000-9337
003 ELIB.Books
008 110520 1953
035 _a(ELIB.Books)0000-9489
082 _a268.435
_bDuv
100 _aDuvall, Evelyn Millis
245 _aWhen you Marry
260 _bNew York; Association Press
_c1953
650 _aChristian Education
942 _2ddc
_cBK
998 _cbat
_e2011-05-20
999 _c9337
_d9337